Word Ladder: Sultan of Swat Quiz Stats

 Plays Quiz Updated Jun 4, 2013

Support Sporcle.
Go Orange.
Score 0/16 Timer 01:30
1 Play Today
Hint 4-Letter Word % Correct
Create a cake in the ovenBAKE
98.9%
Taste a lollipopLICK
97.7%
Jagger of 'The Rolling Stones'MICK
97.4%
Actor Myers or boxer TysonMIKE
97.2%
Pesky rodentsMICE
96.1%
Door device used for privacyLOCK
95.8%
Algebra or geometry, e.g.MATH
94.8%
Missing item in 'Pee-wee's Big Adventure'BIKE
91.8%
Hint 4-Letter Word % Correct
Make fun ofMOCK
89.7%
A large truck manufacturerMACK
84.3%
The speed of soundMACH
82.1%
'What ___ God Wrought'HATH
76.5%
The Great Bambino aka George Herman with [Final Rung]BABE
72.6%
The Great Bambino aka George Herman with [First Rung]RUTH
69.1%
Frigid Star Wars planetHOTH
62.4%
Author Philip of 'Portnoy's Complaint'ROTH
59%

Today's Daily Dose

You're not logged in!

Compare scores with friends on all Sporcle quizzes.
OR
Log In

From the Vault

Ewan McGregor Movies

by albagobragh

I think Ewan me both like McGregor.
Remove Ads.
Support Sporcle.
Get the best of Sporcle when you Go Orange. This ad-free experience offers more features, more stats, and more fun while also helping to support Sporcle. Thank you for becoming a member.

Show Comments

Extras

Top Quizzes Today


Score Distribution

Your Account Isn't Verified!

In order to create a playlist on Sporcle, you need to verify the email address you used during registration. Go to your Sporcle Settings to finish the process.

Report this User

Report this user for behavior that violates our Community Guidelines.

Details: